00393nam a2200157Ia 4500008004100000082001000041100002000051245003500071260003400106300000600140600002000146630001800166655001300184700002000197730001800217090630s9999 xx 000 0 und d b16351 aPrasad V. R. N. aAbsurd Drama.cPrasad V. R. N. bKirti Prakashan - Aurangabad. a0 aPrasad V. R. N. aAbsurd Drama. aEnglish. aPrasad V. R. N. aAbsurd Drama.